000 00795nam a22002057a 4500
999 _c370879
_d370879
008 201130b ||||| |||| 00| 0 eng d
040 _bger
_cDE-2950
_erda
_aDE-2950
041 _ager
100 _aWaldmann Nancy:
245 _aZukunft der Teststellen in Frankfurt ist ungewiss.
_b3G-Nachweis: Amt macht zwei Stationen wegen Mängel dicht, am Südring ist wegen fehlender Kunden Schluss. Bald endet die Kostenübernahme./
_cWaldmann Nancy
264 _c2021
653 _aFrankfurt (Oder)
653 _aTeststellen
653 _a3G-Nachweis
773 _dFrankfurt (Oder): Märkisches Verlags- und Druckhaus GmbH & Co KG
_g32. Jahrgang (2021) Nr. 229 vom 01.10.2021, S. 13
_tMärkische Oderzeitung
942 _cA